[Event "Reykjavik Kvika op"]
[Site "Reykjavik"]
[Date "2022.04.11"]
[Round "8"]
[White "Neilooday, Raj"]
[Black "Natoli, Domenico P"]
[Result "0-1"]
[WhiteElo "1201"]
[BlackElo "1608"]
[PlyCount "104"]
[EventDate "2022.04.06"]
[EventType "swiss"]
[EventRounds "9"]
[EventCountry "ISL"]
[SourceTitle "CBM 207 Extra"]
[Source "ChessBase"]
[SourceDate "2022.05.31"]
[SourceVersion "1"]
[SourceVersionDate "2022.05.31"]
[SourceQuality "1"]

1. e4 c5 2. Nf3 d6 3. d4 cxd4 4. Nxd4 Nf6 5. Nc3 a6 6. Be3 e5 7. Nb3 Be6 8. f3 h5 9. Qd2 Nbd7 10. 0-0-0 Rc8 11. Nd5 Nxd5 12. exd5 Bf5 13. Bd3 Bxd3 14. Qxd3 Be7 15. h3 Nf6 16. g4 Qc7 17. c3 Qc4 18. Qxc4 Rxc4 19. Na5 Rc7 20. f4 exf4 21. Bxf4 Ne4 22. Rde1 Nf2 23. Bxd6 Rd7 24. Rxe7+ Rxe7 25. Bxe7 Nxh1 26. d6 Nf2 27. Nxb7 hxg4 28. hxg4 Nxg4 29. b4 Ne5 30. Nd8 Kd7 31. a4 Rxd8 32. Bxd8 Kxd8 33. b5 a5 34. b6 Nd7 35. b7 Nb8 36. c4 Kd7 37. c5 Kc6 38. Kb2 Kxc5 39. Kb3 g5 40. d7 Nxd7 41. b8Q Nxb8 42. Ka3 g4 43. Kb3 g3 44. Kb2 g2 45. Kc2 g1Q 46. Kd3 f5 47. Ke2 Qg3 48. Kd2 Kd4 49. Kc2 f4 50. Kd1 Qg2 51. Ke1 Kd3 52. Kd1 Qd2# 0-1

[Event "Arco op 42nd"]
[Site "Arco"]
[Date "2020.10.12"]
[Round "3.40"]
[White "Bruessow, Jakob"]
[Black "Natoli, Domenico P"]
[Result "1-0"]
[WhiteElo "1831"]
[BlackElo "1644"]
[PlyCount "69"]
[EventDate "2020.10.10"]
[EventType "swiss"]
[EventRounds "9"]
[EventCountry "ITA"]
[SourceTitle "CBM 198 Extra"]
[Source "ChessBase"]
[SourceDate "2020.11.30"]
[SourceVersion "1"]
[SourceVersionDate "2020.11.30"]
[SourceQuality "1"]

1. e4 c5 2. Nf3 d6 3. d4 cxd4 4. Nxd4 Nf6 5. Nc3 a6 6. Be3 e5 7. Nb3 Be6 8. f3 h5 9. Qd2 Nbd7 10. Nd5 Bxd5 11. exd5 Rc8 12. c4 Be7 13. Na5 Qc7 14. Be2 e4 15. f4 Ng4 16. Bxg4 hxg4 17. b4 Bh4+ 18. Bf2 Bxf2+ 19. Qxf2 0-0 20. 0-0 Nf6 21. Rac1 b5 22. Qd4 Qe7 23. Rc3 bxc4 24. Nxc4 Rfe8 25. Rfc1 Rc7 26. Ne3 Rec8 27. Rc6 Qd7 28. Qb6 Nxd5 29. Nxd5 Rxc6 30. Rxc6 Rxc6 31. Qxc6 Qa7+ 32. Qb6 Qd7 33. Qxa6 Qe6 34. Qc8+ Qxc8 35. Ne7+ 1-0

[Event "Gallipoli Salento op 9th"]
[Site "Gallipoli"]
[Date "2020.09.19"]
[Round "1"]
[White "Natoli, Domenico P"]
[Black "Murra, Mattia"]
[Result "1-0"]
[WhiteElo "1663"]
[BlackElo "1313"]
[PlyCount "123"]
[EventDate "2020.09.19"]
[EventType "swiss"]
[EventRounds "9"]
[EventCountry "ITA"]
[SourceTitle "CBM 198 Extra"]
[Source "ChessBase"]
[SourceDate "2020.11.30"]
[SourceVersion "1"]
[SourceVersionDate "2020.11.30"]
[SourceQuality "1"]

1. d4 d5 2. c4 e6 3. Nc3 Nf6 4. Bg5 Be7 5. e3 h6 6. Bh4 0-0 7. Nf3 b6 8. cxd5 exd5 9. Bd3 Bb7 10. 0-0 Nbd7 11. h3 c5 12. Rc1 Rc8 13. dxc5 Nxc5 14. Bf5 Rc7 15. Bg3 Bd6 16. Bxd6 Qxd6 17. Nb5 Qc6 18. Nxc7 Qxc7 19. b4 g6 20. Bb1 Qd6 21. bxc5 bxc5 22. e4 Qe6 23. exd5 Bxd5 24. Re1 Qc6 25. Re3 Rd8 26. Qc2 c4 27. Ne5 Qb7 28. Nxg6 fxg6 29. Qxg6+ Qg7 30. Rg3 Qxg6 31. Rxg6+ Kf7 32. Rxh6 Rg8 33. g3 Rb8 34. Rh4 Rb2 35. Rf4 c3 36. g4 Kg7 37. a3 Bb3 38. g5 Nd5 39. Rd4 Nb6 40. Rxc3 Rxb1+ 41. Kh2 Kg6 42. h4 Bd5 43. Rc5 Rh1+ 44. Kg3 Rg1+ 45. Kf4 Be6 46. f3 Rh1 47. Ke3 Ra1 48. Rc6 Rxa3+ 49. Kf2 Kf5 50. Rc5+ Kg6 51. Rd6 Kf7 52. Rc7+ Nd7 53. Rcxd7+ Bxd7 54. Rxd7+ Kg6 55. Rd6+ Kg7 56. h5 Ra2+ 57. Kg3 Ra1 58. Rd7+ Kg8 59. Kg4 Rg1+ 60. Kf5 Rh1 61. Rxa7 Rxh5 62. Kg6 1-0

[Event "Heraklion op 27th"]
[Site "Heraklion"]
[Date "2019.09.08"]
[Round "7"]
[White "Natoli, Domenico P"]
[Black "Kotsinis, Alexandros"]
[Result "0-1"]
[WhiteElo "1694"]
[BlackElo "1951"]
[PlyCount "106"]
[EventDate "2019.09.03"]
[EventType "swiss"]
[EventRounds "9"]
[EventCountry "GRE"]
[SourceTitle "EXT 2020"]
[Source "ChessBase"]
[SourceDate "2019.10.17"]
[SourceVersion "1"]
[SourceVersionDate "2019.10.17"]
[SourceQuality "1"]

1. d4 d5 2. c4 dxc4 3. e4 Nc6 4. Nf3 Bg4 5. d5 Ne5 6. Bf4 Ng6 7. Be3 e5 8. Bxc4 a6 9. 0-0 Nf6 10. Bd3 Bd6 11. Nbd2 0-0 12. h3 Bd7 13. Nc4 b5 14. Nxd6 cxd6 15. Rc1 Nh5 16. Bg5 f6 17. Be3 Ngf4 18. Kh2 g5 19. g4 Nxd3 20. Qxd3 Ng7 21. Rg1 Rc8 22. Qa3 Qe7 23. Rxc8 Bxc8 24. Rc1 h5 25. gxh5 Qd7 26. Ng1 Nxh5 27. Rc6 Nf4 28. Bxf4 exf4 29. Qxd6 Qe8 30. f3 Kg7 31. Rc7+ Rf7 32. Qc6 Bd7 33. Qxa6 Qe5 34. Qa7 Qd6 35. Qc5 Qe5 36. Qc3 Qd6 37. b4 Kg6 38. a3 Rh7 39. Qc2 Qe5 40. Rc5 g4 41. d6 g3+ 42. Kg2 Qa1 43. Qc1 Qd4 44. Qc2 Qa1 45. Qc1 Qd4 46. Qc2 Qe3 47. Rc3 Qe1 48. e5+ Bf5 49. Qb2 Qxe5 50. Qd2 Bxh3+ 51. Nxh3 Rxh3 52. Kxh3 Qh5+ 53. Kg2 Qh2+ 0-1

[Event "Heraklion op 27th"]
[Site "Heraklion"]
[Date "2019.09.04"]
[Round "3"]
[White "Ivanov, Mike"]
[Black "Natoli, Domenico P"]
[Result "1-0"]
[WhiteElo "2177"]
[BlackElo "1694"]
[PlyCount "43"]
[EventDate "2019.09.03"]
[EventType "swiss"]
[EventRounds "9"]
[EventCountry "GRE"]
[SourceTitle "EXT 2020"]
[Source "ChessBase"]
[SourceDate "2019.10.17"]
[SourceVersion "1"]
[SourceVersionDate "2019.10.17"]
[SourceQuality "1"]

1. e4 c5 2. Nf3 d6 3. c3 Nf6 4. h3 Nc6 5. d4 cxd4 6. cxd4 e6 7. Nc3 d5 8. e5 Nd7 9. Bd3 Qb6 10. Bc2 Na5 11. 0-0 Nc4 12. b3 Na3 13. Bd3 a6 14. Be3 Nb5 15. Nxb5 axb5 16. Ng5 g6 17. Qf3 f5 18. exf6 Qd6 19. Bf4 Qb6 20. f7+ Kd8 21. Nxe6+ Qxe6 22. Rae1 1-0

[Event "World Amateur-ch U2000"]
[Site "Cagliari"]
[Date "2018.04.27"]
[Round "7"]
[White "Natoli, Domenico P"]
[Black "Scallan, Fiachra"]
[Result "0-1"]
[WhiteElo "1781"]
[BlackElo "1949"]
[PlyCount "88"]
[EventDate "2018.04.22"]
[EventType "swiss"]
[EventRounds "9"]
[EventCountry "ITA"]
[SourceTitle "CBM 184 Extra"]
[Source "ChessBase"]
[SourceDate "2018.06.28"]
[SourceVersion "1"]
[SourceVersionDate "2018.06.28"]
[SourceQuality "1"]

1. d4 Nf6 2. c4 g6 3. Nc3 d5 4. cxd5 Nxd5 5. e4 Nxc3 6. bxc3 Bg7 7. Bc4 c5 8. Ne2 Nc6 9. Be3 cxd4 10. cxd4 Qa5+ 11. Kf1 0-0 12. Rc1 Bd7 13. h4 Rac8 14. h5 e5 15. hxg6 hxg6 16. Bh6 Bxh6 17. Rxh6 Kg7 18. Rh1 Rh8 19. Rxh8 Rxh8 20. Kg1 exd4 21. Nxd4 Qe5 22. Nxc6 Bxc6 23. Bd5 Qh2+ 24. Kf1 Bb5+ 25. Bc4 Rc8 26. Qd4+ f6 27. Rc3 Rxc4 28. Rxc4 Qc7 29. Qxa7 Qxc4+ 30. Kg1 Qxe4 31. Qb6 Qe1+ 32. Kh2 Qe5+ 33. Kg1 Bc6 34. Qd8 Qe1+ 35. Kh2 Qe5+ 36. Kg1 Qa1+ 37. Kh2 Qxa2 38. Qe7+ Qf7 39. Qe3 Qc7+ 40. Kg1 Qe5 41. Qa3 Qe1+ 42. Kh2 Qxf2 43. Qe7+ Kh6 44. Qf8+ Kg5 0-1

[Event "Bad Woerishofen op 34th"]
[Site "Bad Woerishofen"]
[Date "2018.02.25"]
[Round "4"]
[White "Haugg, Gerhard"]
[Black "Natoli, Domenico P"]
[Result "0-1"]
[WhiteElo "1800"]
[BlackElo "1737"]
[PlyCount "62"]
[EventDate "2018.02.23"]
[EventType "swiss"]
[EventRounds "9"]
[EventCountry "GER"]
[SourceTitle "EXT 2019"]
[Source "ChessBase"]
[SourceDate "2018.10.10"]
[SourceVersion "1"]
[SourceVersionDate "2018.10.10"]
[SourceQuality "1"]

1. e4 c5 2. d4 cxd4 3. Qxd4 Nc6 4. Qe3 Nf6 5. Bb5 a6 6. Bxc6 bxc6 7. Nf3 e6 8. 0-0 Qc7 9. b3 Be7 10. Bb2 0-0 11. c4 d5 12. Nbd2 Bb7 13. Rac1 c5 14. exd5 exd5 15. Rfe1 Rfe8 16. Bxf6 gxf6 17. cxd5 Bxd5 18. Qc3 Qf4 19. Re3 Bd6 20. Rce1 Rxe3 21. Qxe3 Qxe3 22. Rxe3 Be6 23. Ne4 Be7 24. Rc3 Rc8 25. h3 c4 26. Ned2 Bb4 27. Rc1 c3 28. Ne4 Kg7 29. Nd4 Bd5 30. f3 Bxe4 31. fxe4 Bc5 0-1

[Event "Arco op-A 39th"]
[Site "Arco"]
[Date "2017.10.12"]
[Round "6"]
[White "Natoli, Domenico P"]
[Black "Blasco, Domenico"]
[Result "1-0"]
[WhiteElo "1698"]
[BlackElo "1894"]
[PlyCount "83"]
[EventDate "2017.10.07"]
[EventType "swiss"]
[EventRounds "9"]
[EventCountry "ITA"]
[SourceTitle "CBM 181 Extra"]
[Source "ChessBase"]
[SourceDate "2017.12.12"]
[SourceVersion "1"]
[SourceVersionDate "2017.12.12"]
[SourceQuality "1"]

1. d4 g6 2. c4 Bg7 3. Nc3 c5 4. d5 Bxc3+ 5. bxc3 Qa5 6. Qc2 f5 7. Nf3 d6 8. e3 Nf6 9. Bd3 0-0 10. 0-0 e5 11. dxe6 Bxe6 12. Ng5 Bd7 13. e4 fxe4 14. Bxe4 Nxe4 15. Qxe4 Nc6 16. Qd5+ Kg7 17. Qxd6 Rad8 18. Rb1 Rf6 19. Qg3 Bc8 20. Qh4 h5 21. Qg3 Qxa2 22. Be3 Qxc4 23. Qc7+ Rf7 24. Qxf7+ Qxf7 25. Nxf7 Kxf7 26. Bxc5 b6 27. Be3 Bg4 28. Rfc1 Bf5 29. Ra1 Na5 30. Rd1 Rc8 31. Bd4 Rc7 32. f3 Be6 33. Kf2 Nc4 34. Re1 Nb2 35. Re3 Nc4 36. Re2 Rd7 37. Rae1 Bf5 38. h3 Bd3 39. Re6 h4 40. Rf6+ Kg8 41. Re8+ Kh7 42. Rf7+ 1-0

[Event "Civitanova Marche op"]
[Site "Civitanova Marche"]
[Date "2011.07.24"]
[Round "1"]
[White "Natoli, Domenico P"]
[Black "Rinaudo, Sergio"]
[Result "0-1"]
[WhiteElo "1861"]
[BlackElo "2144"]
[PlyCount "98"]
[EventDate "2011.07.24"]
[EventType "swiss"]
[EventRounds "7"]
[EventCountry "ITA"]
[SourceTitle "EXT 2014"]
[Source "ChessBase"]
[SourceDate "2013.11.20"]
[SourceVersion "1"]
[SourceVersionDate "2013.11.20"]
[SourceQuality "1"]

1. d4 d5 2. c4 dxc4 3. e4 e5 4. Nf3 exd4 5. Qxd4 Qxd4 6. Nxd4 Nf6 7. f3 Bb4+ 8. Bd2 Bxd2+ 9. Nxd2 0-0 10. Bxc4 a6 11. a4 c5 12. Nc2 Nc6 13. a5 Ne5 14. Ne3 Rd8 15. 0-0-0 Kf8 16. Nd5 Nxd5 17. exd5 Bf5 18. b3 Rab8 19. Ne4 Bxe4 20. fxe4 b6 21. axb6 Rxb6 22. Kc2 Rdd6 23. h3 Rb4 24. Kc3 Rg6 25. Rd2 Rg3+ 26. Bd3 Rxe4 27. Kc2 Nxd3 28. Rxd3 Rxg2+ 29. Kc3 Ree2 30. Rc1 Ke7 31. d6+ Kd7 32. Kc4 Rg5 33. Ra1 Rc2+ 34. Rc3 Rxc3+ 35. Kxc3 Kxd6 36. Rxa6+ Kd5 37. Ra7 Rg3+ 38. Kc2 Rxh3 39. Rxf7 Rg3 40. Kd2 h6 41. Rf5+ Kd4 42. Rf4+ Ke5 43. Rf7 h5 44. Ke2 h4 45. Kf2 g5 46. Rc7 Rc3 47. Kg2 Kf4 48. Rf7+ Kg4 49. Rg7 Rxb3 0-1

[Event "Genova op 10th"]
[Site "Genova"]
[Date "2006.08.08"]
[Round "2"]
[White "Di Paolo, Raffaele"]
[Black "Natoli, Domenico P"]
[Result "1-0"]
[WhiteElo "2334"]
[BlackElo "1933"]
[PlyCount "85"]
[EventDate "2006.08.07"]
[EventType "swiss"]
[EventRounds "9"]
[EventCountry "ITA"]
[SourceTitle "CBM 113 Extra"]
[Source "ChessBase"]
[SourceDate "2006.09.14"]
[SourceVersion "1"]
[SourceVersionDate "2006.09.14"]
[SourceQuality "1"]

1. e4 c5 2. Nf3 d6 3. d4 cxd4 4. Nxd4 Nf6 5. Nc3 a6 6. Bg5 e6 7. f4 Be7 8. Qf3 Qc7 9. 0-0-0 Nbd7 10. Bd3 h6 11. Bh4 g5 12. fxg5 Ne5 13. Qe2 Nfg4 14. Nf3 Nxf3 15. gxf3 Ne5 16. f4 Ng6 17. Qf2 hxg5 18. Bxg5 Bxg5 19. fxg5 Bd7 20. e5 Nxe5 21. Qf6 Rf8 22. g6 Qd8 23. Ne4 Qxf6 24. Nxf6+ Ke7 25. Nxd7 Kxd7 26. g7 Rg8 27. Rhg1 f5 28. Be2 Rae8 29. Rg2 Re7 30. Rdg1 Rf7 31. h4 Rf6 32. h5 Rh6 33. Rg3 Ke7 34. Rb3 b5 35. Ra3 f4 36. Rxa6 f3 37. Bxf3 Nxf3 38. Ra7+ Ke8 39. Rf1 Rxh5 40. Rxf3 Rf5 41. Rc3 Rc5 42. Rxc5 dxc5 43. Kd2 1-0